| 000 | 00628nam a2200217 a 4500 | ||
|---|---|---|---|
| 999 |
_c10783 _d10783 |
||
| 001 | 10783 | ||
| 003 | BD-JhCC | ||
| 005 | 20190319105052.0 | ||
| 008 | 190319b1970 bg a|||| ||u| 000 0 ben d | ||
| 035 | _a(BD-JhCC)10783 | ||
| 040 |
_aBD-JhCC _dBD-JhCC |
||
| 041 | _aben | ||
| 082 |
_a920 _bISL 1970 |
||
| 100 | _aইসলাম,রফিকুল | ||
| 245 |
_aবৈজ্ঞানিক মাদাম কুরী / _cরফিকুল ইসলাম |
||
| 260 |
_aঢাকা, _bপ্রকাশ ভবন; _c1970. |
||
| 300 |
_a69 p. : _bill; _c8 cm |
||
| 651 | _aBiography | ||
| 942 |
_2lcc _cBK |
||